banner-ar

حراس السلطة : (Record no. 66260)

MARC details
000 -الفاتح
حقل البيانات ثابتة الطول 01091nam a22002777a 4500
005 - وقت وتاريخ اخر تعامل مع التسجيلة
رقم الضبط 20240530110908.0
008 - عناصر البيانات ثابتة الطول - معلومات عامة
حقل البيانات ثابتة الطول 220303s2007 ua g 000 0 ara d
017 ## - رقم الايداع القانونى
رقم الايداع القانونى 2006/24761
المصدر ( الهيئة المختصة) مصر. دار الكتب
020 ## - الرقم الدولى المعيارى للكتب
الرقم الدولى المعيارى للكتاب 9770919373
040 ## - مصدر الفهرسة
وكالة الفهرسة الأصلية EG-CaGPL
وكالة النسخ EG-CaGPL
082 04 - رقم تصنيف ديوى العشرى
رقم الطبعة 21
رقم التصنيف 320.51/
رقم المادة إ ح
100 1# - المدخل الرئيسى - إسم شخصى
الإسم الشخصى إدواردز، دافيد
245 12 - بيان العنوان
العنوان حراس السلطة :
بقية العنوان اسطورة الميديا وسائل الاعلام الليبرالية /
بيان المسئوليه,etc دافيد ادواردز، دافيد كرومويل ؛ ترجمة امال كيلانى
250 ## - بيان الطبعة
بيان الطبعة ط.1
260 ## - PUBLICATION, DISTRIBUTION, ETC. (IMPRINT)
تاريخ النشر أو التوزيع 2007.
300 ## - الوصف المادى
التعداد 146 ص. ؛
أبعاد الوعاء 24 سم.
650 07 - المدخل الاضافى بالموضوع-مصطلح موضوعى
مصدر الرأس أو المصطلح qrmak
مصطلح موضوعي الليبرالية
650 07 - المدخل الاضافى بالموضوع-مصطلح موضوعى
مصدر الرأس أو المصطلح qrmak
مصطلح موضوعي الراديكالية
650 07 - المدخل الاضافى بالموضوع-مصطلح موضوعى
مصدر الرأس أو المصطلح qrmak
مصطلح موضوعي المذاهي السياسية
650 07 - المدخل الاضافى بالموضوع-مصطلح موضوعى
مصدر الرأس أو المصطلح qrmak
مصطلح موضوعي وسائل الاعلام
651 ## - المدخل الاضافى بالموضوع - اسم جغرافى
مصدر الرأس أو المصطلح qrmak
700 1# - المدخل الاضافى - اسم شخصى
الإسم الشخصى كرومويل، دافيد
الدور مؤلف مشارك
700 0# - المدخل الاضافى - اسم شخصى
الإسم الشخصى امال كيلانى
الدور مترجم
942 ## - عناصر المدخل الإضافي( كوها)
مصدر التصنيف او مخطط الترفيف Dewey Decimal Classification
Koha [default] item type كتاب
260 ## - PUBLICATION, DISTRIBUTION, ETC. (IMPRINT)
-- القاهرة :
-- مكتبة الشروق الدولية،
Holdings
حالة التراجع حالة الفقد حالة تلف ليس للاعارة المكان المؤقت الموقع الحالى موقع الترفيف تاريخ الاكتساب اجمالي اﻻعارات رقم الطلب الباركود تاريخ اخر مشاهدة تاريخ تفعيل السعر نوع وعاء كوها
        مكتبة القاهرة الكبرى مكتبة القاهرة الكبرى ق الرئيسية_العلوم الاجتماعية_ك عربى 03/03/2022   320.51/ إ ح 167540 03/03/2022 03/03/2022 كتاب

Powered By

EGPV